<?xml version="1.0" encoding="UTF-8"?><?xml-stylesheet type="text/xsl" href="static/style.xsl"?><OAI-PMH xmlns="http://www.openarchives.org/OAI/2.0/" xmlns:xsi="http://www.w3.org/2001/XMLSchema-instance" xsi:schemaLocation="http://www.openarchives.org/OAI/2.0/ http://www.openarchives.org/OAI/2.0/OAI-PMH.xsd"><responseDate>2026-04-26T23:29:12Z</responseDate><request verb="GetRecord" identifier="oai:repisalud.isciii.es:20.500.12105/15519" metadataPrefix="marc">https://repisalud.isciii.es/rest/oai/request</request><GetRecord><record><header><identifier>oai:repisalud.isciii.es:20.500.12105/15519</identifier><datestamp>2025-04-24T17:39:07Z</datestamp><setSpec>com_20.500.12105_2052</setSpec><setSpec>com_20.500.12105_2051</setSpec><setSpec>col_20.500.12105_19609</setSpec></header><metadata><record xmlns="http://www.loc.gov/MARC21/slim" xmlns:dcterms="http://purl.org/dc/terms/" xmlns:doc="http://www.lyncode.com/xoai" xmlns:xsi="http://www.w3.org/2001/XMLSchema-instance" xsi:schemaLocation="http://www.loc.gov/MARC21/slim http://www.loc.gov/standards/marcxml/schema/MARC21slim.xsd">
   <leader>00925njm 22002777a 4500</leader>
   <datafield ind2=" " ind1=" " tag="042">
      <subfield code="a">dc</subfield>
   </datafield>
   <datafield ind2=" " ind1=" " tag="720">
      <subfield code="a">García-García, María Luz</subfield>
      <subfield code="e">author</subfield>
   </datafield>
   <datafield ind2=" " ind1=" " tag="720">
      <subfield code="a">Calvo Rey, C</subfield>
      <subfield code="e">author</subfield>
   </datafield>
   <datafield ind2=" " ind1=" " tag="720">
      <subfield code="a">Martín del Valle, Fernando</subfield>
      <subfield code="e">author</subfield>
   </datafield>
   <datafield ind2=" " ind1=" " tag="720">
      <subfield code="a">Lopez-Huertas, Maria Rosa</subfield>
      <subfield code="e">author</subfield>
   </datafield>
   <datafield ind2=" " ind1=" " tag="720">
      <subfield code="a">Casas Flecha, Inmaculada</subfield>
      <subfield code="e">author</subfield>
   </datafield>
   <datafield ind2=" " ind1=" " tag="720">
      <subfield code="a">Díaz-Delgado, R</subfield>
      <subfield code="e">author</subfield>
   </datafield>
   <datafield ind2=" " ind1=" " tag="720">
      <subfield code="a">Perez-Breña, Pilar</subfield>
      <subfield code="e">author</subfield>
   </datafield>
   <datafield ind2=" " ind1=" " tag="260">
      <subfield code="c">2004-09</subfield>
   </datafield>
   <datafield ind2=" " ind1=" " tag="520">
      <subfield code="a">[ES] Antecedentes: El metapneumovirus humano es un virus de reciente descripción al que se atribuyen infecciones respiratorias que afectan fundamentalmente a la población infantil. Objetivos: Conocer la incidencia de infecciones por metapneumovirus en lactantes hospitalizados, así como sus características clínicas y la posible presencia de coinfecciones con otros agentes virales. Pacientes y métodos: Estudio prospectivo realizado de septiembre a junio de 2003 en todos los niños menores de 2 años ingresados en la Unidad de Lactantes del Hospital Severo Ochoa de Leganés (Madrid), por infección respiratoria. La detección de agentes virales se realizó mediante recogida de aspirado nasofaríngeo y realización de inmunofluorescencia directa y/o reacción en cadena de la polimerasa-transcripción inversa (RT-PCR). Descripción de las características clínicas y epidemiológicas de los procesos respiratorios de los pacientes con detección positiva para metapneumovirus humano. Resultados: Ingresaron 200 lactantes con patología respiratoria durante el período mencionado, de los cuales en 18 se detectó infección por metapneumovirus humano (9% de los pacientes). El metapneumovirus humano supuso un 13,8% de los aislamientos virales positivos. El 100 % de estos niños ingresaron en marzo-abril. La edad media fue de 6,7 ± 6,1 meses. El 38,8 % desarrolló una bronquiolitis y en el 55,5 % se objetivó un episodio recurrente de sibilancias. El 55,5 % de los niños precisó oxigenoterapia durante el ingreso. Se encontraron coinfecciones con otros agentes virales en el 33,3 % de estos pacientes. Conclusiones: El metapneumovirus humano es un agente viral muy frecuente en los lactantes afectados de enfermedad respiratoria, causando fundamentalmente bronquiolitis y episodios recurrentes de sibilancias. Es más frecuente en primavera y tiene una alta tendencia a la coinfección con otros virus. [EN] Background: Human metapneumovirus (hPMV) is a recently identified virus that is recognized as a cause of respiratory tract illness in the pediatric population. Objectives: To determine the incidence of respiratory tract infections caused by hPMV in hospitalized infants and to describe the clinical characteristics and possible presence of coinfection with other viral agents. Patients and methods: We performed a prospective study from September to June 2003 in all children aged less than 24 months who were admitted to the Severo Ochoa Hospital (Leganés, Madrid) with a respiratory tract infection. Virological diagnosis was made with a direct immunofluorescent assay and/or reverse transcriptase-polymerase chain reaction on specimens obtained from nasopharyngeal washing. Demographic and clinical data from patients with an hPMV respiratory tract infection were analyzed. Results: During the study period, 200 infants were admitted with a respiratory tract infection, of which 18 (9 %) had an hPMV infection. HPMV was the viral agent isolated in 13.8 % of positive nasopharyngeal washings. All patients were admitted between March and April. The mean age was 6.7 +/- 6.1 months. The most common diagnoses were recurrent wheezing (55.5 %) and bronchiolitis (38.8 %). Oxygen therapy was required by 55.5 % of infants during hospitalization. Coinfection with other respiratory viruses was confirmed in 33.3 % of the patients. Conclusions: Human metapneumovirus is a major cause of respiratory tract illness in hospitalized infants. This virus causes mainly bronchiolitis and recurrent wheezing and is more frequent in spring. Coinfection with other respiratory viruses is frequent.</subfield>
   </datafield>
   <datafield ind1="8" ind2=" " tag="024">
      <subfield code="a">An Pediatr (Barc). 2004 Sep;61(3):213-8.</subfield>
   </datafield>
   <datafield ind1="8" ind2=" " tag="024">
      <subfield code="a">1695-4033</subfield>
   </datafield>
   <datafield ind1="8" ind2=" " tag="024">
      <subfield code="a">http://hdl.handle.net/20.500.12105/15519</subfield>
   </datafield>
   <datafield ind1="8" ind2=" " tag="024">
      <subfield code="a">15469804</subfield>
   </datafield>
   <datafield ind1="8" ind2=" " tag="024">
      <subfield code="a">10.1016/s1695-4033(04)78799-8</subfield>
   </datafield>
   <datafield ind1="8" ind2=" " tag="024">
      <subfield code="a">Anales de pediatria (Barcelona, Spain : 2003)</subfield>
   </datafield>
   <datafield tag="653" ind2=" " ind1=" ">
      <subfield code="a">Infecciones respiratorias</subfield>
   </datafield>
   <datafield tag="653" ind2=" " ind1=" ">
      <subfield code="a">Lactantes</subfield>
   </datafield>
   <datafield tag="653" ind2=" " ind1=" ">
      <subfield code="a">Metapneumovirus humano</subfield>
   </datafield>
   <datafield tag="653" ind2=" " ind1=" ">
      <subfield code="a">Respiratory tract infection</subfield>
   </datafield>
   <datafield tag="653" ind2=" " ind1=" ">
      <subfield code="a">Infants</subfield>
   </datafield>
   <datafield tag="653" ind2=" " ind1=" ">
      <subfield code="a">Human metapneumovirus</subfield>
   </datafield>
   <datafield ind2="0" ind1="0" tag="245">
      <subfield code="a">Infecciones respiratorias por metapneumovirus  en lactantes hospitalizados</subfield>
   </datafield>
</record></metadata></record></GetRecord></OAI-PMH>